Counties of Northern Ireland - Statistics

General Stats
  • This quiz has been taken 144 times
  • The average score is 5 of 6
Answer Stats
Hint Answer % Correct
Londonderry
92%
Down
87%
Armagh
86%
Tyrone
83%
Antrim
82%
Fermanagh
77%
No matching quizzes found
Score Distribution
Percent of People with Each Score
Percentile by Number Answered
Your Score History
You have not taken this quiz